| Tag |
First Indicator |
Second Indicator |
Subfields |
| LEADER |
00000cam a2200000 4500 |
| 001 |
in00000307103 |
| 005 |
20151010140424.0 |
| 008 |
701113s1970 nyuabc b 00110 eng |
| 010 |
|
|
|a 76117351
|
| 020 |
|
|
|a 0828100985
|c $22.00
|
| 035 |
|
|
|a (OCoLC)00100617
|
| 035 |
|
|
|9 ABH2066AM
|
| 040 |
|
|
|a DLC
|c DLC
|d TXA
|d UtOrBLW
|
| 043 |
|
|
|a e-ur---
|
| 049 |
|
|
|a TXAM
|c [1100129]
|
| 050 |
0 |
0 |
|a DK40
|b .G7 1970
|
| 082 |
0 |
|
|a 947
|
| 100 |
1 |
|
|a Grey, Ian,
|d 1918-
|
| 245 |
1 |
4 |
|a The Horizon history of Russia /
|c by the editors of Horizon magazine. Editor in charge: Wendy Buehr. Author: Ian Grey.
|
| 264 |
|
1 |
|a New York :
|b American Heritage Pub. Co.,
|c [1970]
|
| 300 |
|
|
|a 404 pages :
|b illustrations (part color), maps (part color), portraits (part color) ;
|c 32 cm.
|
| 336 |
|
|
|a text
|b txt
|2 rdacontent
|
| 337 |
|
|
|a unmediated
|b n
|2 rdamedia
|
| 338 |
|
|
|a volume
|b nc
|2 rdacarrier
|
| 504 |
|
|
|a Bibliography: pages 402-403.
|
| 651 |
|
0 |
|a Soviet Union
|x History.
|
| 730 |
0 |
|
|a Horizon (New York, 1958- )
|
| 740 |
0 |
|
|a History of Russia.
|
| 999 |
|
|
|a MARS
|
| 999 |
f |
f |
|s 973df74b-a038-3bc1-8621-8836ab5a4659
|i 4aafba61-7f97-3d47-ad1e-1cb3eb32f466
|t 0
|
| 952 |
f |
f |
|p ric
|a Texas A&M University
|b Rellis Campus
|c Joint Library Facility
|d Remote Storage
|t 0
|e DK40 .G7 1970
|h Library of Congress classification
|i unmediated -- volume
|m A14801998392
|
| 998 |
f |
f |
|a DK40 .G7 1970
|t 0
|l Remote Storage
|